000 00266nam a22001097a 4500
008 230623b xxu||||| |||| 00| 0 eng d
082 _a328.773
_bILL
100 _cJesse White
245 _aIllinois Handbook of Government 2003-2004
300 _a139p
942 _2ddc
_cBK
999 _c2379
_d2379